000 00681cam a2200229 a 4500
001 13209128
005 20180213034637.0
008 030522s2004 caua b 001 0 eng
010 _a 2003107401
020 _a0534506097
035 _a(DLC) 2003107401
040 _aDLC
_cDLC
_dDLC
041 _aeng
080 _a612.39 bro
100 1 _a10
101 _anut
245 1 0 _aUnderstanding food :
_cAmy Brown.
504 _aIncludes bibliographical references and index.
906 _a7
_bcbc
_corigcop
_d2
_eepcn
_f20
_gy-gencatlg
942 _2ddc
_cBK
999 _c42344
_d42344